000 00599nam a2200181 i 4500
001 25274
003 ES-MaACL
005 20251113143456.0
007 t|
008 021223s1907 sp ||||1| spa d
100 1 _aArmada y López, Arturo.
_922907
245 1 0 _a¿Enseñanzas?
_b: últimas campañas navales /
_cArturo Armada y López ; carta-prólogo de José G. Sobral.
260 _aMadrid :
_b[s.n.,
_c1907] (
_fImp. del Fomento Naval)
300 _aXXX, 189 p. ;
_c23 cm.
700 1 _aGutiérrez Sobral, José,
_d1858-1918
_9106992
852 _aES-MaACL
_jF-9405
999 _c25274
_d25274